|
|
|
|
| LEADER |
00000nam0a2200000 4500 |
| 001 |
76646 |
| 005 |
20231031091838.0 |
| 010 |
|
|
|a 5354005329
|
| 035 |
|
|
|a (RuTPU)RU\TPU\book\82158
|
| 090 |
|
|
|a 76646
|
| 100 |
|
|
|a 20050427d2004 km y0rusy50 ca
|
| 101 |
0 |
|
|a rus
|
| 102 |
|
|
|a RU
|
| 105 |
|
|
|a a z 001zy
|
| 200 |
1 |
|
|a Введение в синергетику. Хаос и структуры
|f Д. И. Трубецков
|
| 205 |
|
|
|a 2-е изд., испр. и доп.
|
| 210 |
|
|
|a Москва
|c Едиториал УРСС
|d 2004
|
| 215 |
|
|
|a 235 с.
|c ил.
|
| 225 |
1 |
|
|a Синергетика: от прошлого к будущему
|
| 320 |
|
|
|a Литература: с. 232-235.
|
| 330 |
|
|
|a Современная наука о колебаниях и волнах представлена в книге своими эффектами и явлениями, встречающимися в медицине, химии, экологии, гидродинамике, электронике, экономике, социальных и других науках. Цель книги — показать, что такие понятия, как колебания и волны, неустойчивость и нелинейность, хаос и структуры позволяют понять единство современной картины мира. В книге также показано, как связанные с этими понятиями идеи проникают в разные науки. Особое внимание уделено хаосу и структурам — центральным темам синергетики. Книга представляет самостоятельный интерес, но может рассматриваться и как продолжение книги Д. И. Трубецкова «Введение в синергетику. Колебания и волны» (М.: УРСС, 2003). Книга может быть полезна учащимся физико-математических классов, студентам первых курсов естественнонаучных специальностей университетов. В основу книги легли лекции автора, которые были прочитаны в Саратовском государственном университете гуманитариям. Поэтому книга может быть интересна и полезна широкому кругу читателей, интересующихся синергетикой.
|
| 610 |
1 |
|
|a синергетика
|
| 610 |
1 |
|
|a хаос
|
| 610 |
1 |
|
|a структуры
|
| 610 |
1 |
|
|a нелинейные колебания
|
| 610 |
1 |
|
|a нелинейные волны
|
| 610 |
1 |
|
|a нелинейная динамика
|
| 610 |
1 |
|
|a экология
|
| 610 |
1 |
|
|a экономика
|
| 610 |
1 |
|
|a социальные науки
|
| 610 |
1 |
|
|a медицина
|
| 610 |
1 |
|
|a модель Лоренца
|
| 675 |
|
|
|a 534
|v 3
|
| 675 |
|
|
|a 531.39
|v 3
|
| 700 |
|
1 |
|a Трубецков
|b Д. И.
|g Дмитрий Иванович
|
| 801 |
|
1 |
|a RU
|b 63413507
|c 20050427
|g PSBO
|
| 801 |
|
2 |
|a RU
|b 63413507
|c 20060915
|g PSBO
|
| 942 |
|
|
|c BK
|